000 00882nam a22002537a 4500
999 _c65912
_d65912
005 20240530110849.0
008 200912s2019 ua a f b 000 0dara d
017 _a2018/21323
_bمصر. دار الكتب
020 _a9789777801409
040 _aEG-CaGPL
_cEG-CaGPL
082 0 4 _221
_a372.218\
_bك إ
100 0 _aكريمان محمد بدير
245 1 0 _aاستراتيجيات جديدة لتعليم طفل الروضة /
_cكريمان محمد بدير
250 _aط.1
260 _aالقاهرة :
_bعالم الكتب،
_c2019
300 _a411 ص. ؛
_c24 سم.
504 _aيشتمل على ارجاعات ببليوجرافية
650 0 7 _aرياض الاطفال
_2qrmak
650 0 7 _aالاطفال
_xنمو
650 0 7 _aتعليم الاطفال
651 _2qrmak
942 _2ddc
_cBK